000 00939dam2a22002531 4500
001 v19\rc\2016070
005 20250620015102.0
035 _a(NLR Aleph) 005119090
090 _a7574909
_c7574909
100 _a20080925d1908 |||y0rusy50 ca
101 1 _arus
_ceng
102 _aRU
105 _ay z |||c|
200 1 _aОчерк истории Египта, от древнейших времен до завоевания арабами
210 _d1908
_aБ. м.
461 0 _1001v19\rc\2016007
_12001#$aБиблиотека самообразования$vВып. 9
_97574280
_cСанкт-Петербург
_d1903-1908
_nБрокгауз-Ефрон
_tБиблиотека самообразования
_vВып. 9
700 1 _aБиссинг
_bФ.В.
801 0 _aRU
_bNLR
_gpsbo
801 1 _aRU
_bProSoft-M
_2rusmarc
852 _aNLR
_j45/50
852 _aNLR
_j18.285.8.460
942 _cBOOK
980 _aNB